Kolektívne a certifikačné ochranné známky

Spoločné a špecifické črty a funkcie kolektívnych a certifikačných ochranných známok. Postup podávania prihlášok. Údaje o prihlasovateľovi. Licencia a zaevidovanie. Efektívnosť využívania registračných systémov.

Saved in:
Bibliographic Details
Main Author: Fraňo, Ivan
Format: Book Chapter
Language:Slovak
Subjects:
Tags: Add Tag
No Tags, Be the first to tag this record!

MARC

LEADER 00000naa a2200000 4500
001 0128224
005 20220729111119.0
041 0 |a slo 
044 |a SK 
245 1 0 |a Kolektívne a certifikačné ochranné známky  |c Ivan Fraňo 
520 |a Spoločné a špecifické črty a funkcie kolektívnych a certifikačných ochranných známok. Postup podávania prihlášok. Údaje o prihlasovateľovi. Licencia a zaevidovanie. Efektívnosť využívania registračných systémov. 
610 2 0 |a právo patentové 
610 2 0 |a značky výrobné 
610 2 0 |a známky ochranné 
610 2 0 |a certifikáty 
610 2 0 |a registrácia 
610 2 0 |a licencie patentové 
610 2 0 |a zmluvy licenčné 
610 2 0 |a vzory priemyselné 
610 2 0 |a logo 
100 1 |a Fraňo, Ivan